000 00938nam a22002177a 4500
003 OSt
005 20240718112858.0
008 240718b ||||| |||| 00| 0 eng d
040 _cAIMIT LIBRARY
082 _a658
_bMANR
110 _aAmerican Accounting Association
_9173641
245 _aJournal of management accounting research /
_cBy American Accounting Association
260 _aUnited States of America:
_bAmerican Accounting Association ,
_c2019.
300 _bHB
_c27 cm.
440 _aJournal of management accounting research
_vVol.31 No.1-3/2019
_9173642
440 _vVol.30 No.1-3/2018
650 _aControl self assessment and costs of compliance with sarbanes oxley section 404
_9173643
650 _aPerformance feedback type and employees subsequent willingness to help other employees
_9173644
650 _aImportance of task complexity when rewarding nonfinancial performance
_9173645
942 _2ddc
_cBV
_k658 MANR
999 _c231463
_d231463